000 00354nab a22001097u 4500
008 130520b1987 xxu||||| |||| 00| 0 spa d
041 _aspa
100 1 _aHeijst, A. Van
_967412
245 0 0 _aMujeres en situación de asistencia permanente. El caso de Holanda
_cA. van Heijst
773 0 _tConcilium
_gV.2,1987,págs.389-395
_x0210-1041
_wRev134
942 _cAR
999 _c355319
_d355319